000 00571nam a22001937a 4500
005 20260225153652.0
008 260225b |||||||| |||| 00| 0 eng d
020 _a978-0-256-82101-2
050 _aQA 76.9 .D3 2015
100 _aEDITED BY BAILIS PETER
245 _aREADING IN DATABASE SYSTEMS
250 _a5TH EDITION
260 _aLITTLEROCK PUBLISHING
_bAG
_c2015
300 _aI,53P.
500 _aINCLUDES BIBLIOGRAPHICAL REFERENCES
650 _aDATABASE MANAGEMENT
700 _aEDITED BY JOSEPH M.HELLERSTEIN AND MICHAEL STONEBRAKER
942 _2lcc
_cBK
999 _c216670
_d216670